Quiz dla fana Counter Strike : Global Offensive - Statystyki

Ogólne statystyki
  • Ten quiz został rozwiązany 1 461 razy
  • Średni wynik to 11 z 13
Statystyki odpowiedzi
Pytanie Odpowiedź % Poprawnych
Na jakiej platformie komputerowej można pobrać CS:GO? Steam
99%
Ile kosztuje AK-47? 2700
98%
Zakupiłeś : Negev, Dwie Beretty, Zeusa i 2x Flashe. Ile wydałeś? 2700
98%
Jak nazywała się legendarna polska drużyna e-sportowa ? Virtus.pro
98%
Jak nazywa się wyróżnienie w grze polegające na zabiciu wszystkich graczy w rundzie? Ace
96%
Jak nazywa sie charakterystyczne miejsce na mapie the Inferno? Banan
93%
Jak nazywa się charakterystyczny pistolet otrzymywany po stronie terrorysty na początku gry? Glock 18
93%
Analogicznie jak nazywa się taki pistolet po stronie antyterrorysty? USP-S
91%
Zakupiłeś : AK-47 , Desert Eagle, 2x smoke. Ile wydałeś? 4000
90%
Jak nazywa się mapa która dawniej była w oficjalnej puli map turniejowych (nazwa powiązana z surowcem z gry Minecraft)? Cobblestone
81%
Jak nazywa się organizacja esportowa utworzona przez Izaka? Izako Boars
79%
Kto wygrał IEM Katowice 2020? Natus Vincere/ NaVi
74%
Jak nazywa się najnowsza operacja w CS:GO? Broken Fang
50%
Nie znaleziono quizów pasujących do podanych kryteriów
Rozkład punktacji
Procent ludzi z każdym wynikiem
Percentyl według liczby udzielonych odpowiedzi
Twoja historia wyników
Nie rozwiązałeś tego quizu